| 000 | 00975 a2200229 4500 | ||
|---|---|---|---|
| 001 | 3219 | ||
| 005 | 20260407155426.0 | ||
| 008 | 260407a1996 arg spa d | ||
| 003 | AR-UNSa-BCEJYS | ||
| 040 |
_aAR-UNSa-BCEJYS _bspa _cAR-UNSa-BCEJYS |
||
| 080 |
_a336.226.1 _xImpuestos a las ganancias o los beneficios (Impuesto Diferido) |
||
| 245 | 1 | 0 |
_aImpuesto a las ganancias _panálisis de doctrina y jurisprudencia |
| 020 | _a950-14-0872-8 | ||
| 250 | _a3a. ed. | ||
| 264 | 1 |
_aBuenos Aires : _bDepalma _c1996 |
|
| 300 |
_axxix, 779 p. _c23 cm. |
||
| 505 | _a1. Ganancias de la 1º categoría. Renta del suelo - 2. Ganancias de la 2º categoría. Renta de capitales - 3. Ganancias de la 3º categoría. Beneficios de las empresas y ciertos auxiliares de comercio - 4. Ganancias de la 4º categoría. Renta del trabajo personal | ||
| 942 | _cBK | ||
| 590 | _aniveau_biblio:m niveau_hierar:0 | ||
| 100 | 1 | _aGiuliani Fonrouge, Carlos M. | |
| 700 | 1 | _aNavarrine, Susana Camila | |
| 999 |
_c300 _d300 |
||